Famous Scientists by Emoji Quiz Stats

 Plays Quiz not verified by Sporcle

Support Sporcle.
Go Orange.
Score 0/17 Timer 04:00
0 Plays Today
% Correct
91.4%
89.8%
88.9%
87.2%
85.9%
85.3%
83.8%
83.6%
81.3%
% Correct
81%
78%
75.8%
73.6%
73.4%
71.4%
69.3%
69.2%

You're not logged in!

Compare scores with friends on all Sporcle quizzes.
OR
Log In

From the Vault

Live Action/Animation Crossovers

by Hejman

We wonder who was harder to work with, the live characters or the animated ones?
Remove Ads.
Support Sporcle.
Get the best of Sporcle when you Go Orange. This ad-free experience offers more features, more stats, and more fun while also helping to support Sporcle. Thank you for becoming a member.

Show Comments

Extras

Top Quizzes Today


Score Distribution

Your Account Isn't Verified!

In order to create a playlist on Sporcle, you need to verify the email address you used during registration. Go to your Sporcle Settings to finish the process.

Report this User

Report this user for behavior that violates our Community Guidelines.

Details: